00357nam a2200121Ia 4500008004100000040001700041041001200058082001600070100002300086245008600109260002800195300001200223230917s9999||||xx |||||||||||||| ||und|| e156077aMAIN aEnglish a342.7 I892D aIyer, V.R. Krishna 4aThe dialectics & dynamics of human rights in India: yesterday, today and tomorrow aCalcuttabEasternc1999 a394p p.